000 01904cam a22004334i 4500
003 PE-LiUPU
005 20250731173317.0
008 150625s2006 pe a r 000 0 spa d
035 _a(Sirsi) a37598
040 _aPE-LiUPU
_bspa
_cPE-LiUPU
_erda
082 0 4 _a268
_bB81
_221
100 1 _aBrañes, Digna,
_eautor.
245 1 0 _aEducación cristiana camino a la eternidad /
_cDigna Brañes.
264 1 _aJuliaca :
_bUnivesida Peruana Unión,
_c2006.
300 _a128 páginas :
_bilustraciones ;
_c19 centímetros
336 _atext
_2rdacontent
337 _aunmediated
_2rdamedia
338 _avolume
_2rdacarrier
504 _aBibliografía: páginas 128.
505 0 _aDefiniciones generales -- Definiciones de Educación cristiana -- Filosofías tradicionales y Educación -- Filosofías modernas y Educación -- Misión deducativa de la iglesia -- El Antiguo Testamento y la enseñanza -- Bases bíblicas de la Educación Cristiana -- Modelos educativos en la historia bíblica -- La biblia como instrumento educador -- Lecciones de la naturaleza -- La educación del carácter -- La escuela del más allá -- Escuela de hoy -- Lecturas complementarias.
526 _aSEG42
526 _aSEG41
526 _aSEG40
526 _aSEG39
526 _aP94
526 _aP87
526 _aP86
526 _aP85
526 _aP77
526 _aP76
526 _aP35
650 0 4 _aEducación cristiana.
910 _bjv
_cjv
_d20060912
942 _2ddc
_cBOOK
949 _a268 B81
_wDEWEY
_c1
_i56610
_lCCODEBUL1
_mBUL
_p5.00
_r0
_sY
_tBOOK
_u2015-06-25
_xBIBLIOTECA
_zUNKNOWN
_0COMPRA
_o.STAFF. Colección Teología
596 _a1
999 _a268 B81
_wDEWEY
_c45789
_i56610
_d45789
_e2016-9-4
_f2021-11-10
_g5
_lCCODEBUL1
_mBUL
_n2
_p5.00
_q1
_r0
_sY
_tBOOK
_u2015-6-25
_xTEOLOGIA
_PP35
_0COMPRA
_o.STAFF. Colección Teología
980 _81
_gALBERTO SANCHEZ Responsable de Automatización